[Event "DSV-Turnier"]
[Site "Halle"]
[Date "1976.??.??"]
[Round "?"]
[White "Schmidt, Wlodzimierz"]
[Black "Rodriguez, Amador"]
[Result "1/2-1/2"]
[WhiteElo "2485"]
[BlackElo "2405"]

1.Nf3 c5 2.c4 Nf6 3.Nc3 e6 4.g3 b6 5.Bg2 Bb7 6.O-O Be7 7.Re1 d5 8.cxd5 Nxd5
9.Nxd5 Qxd5 10.d4 cxd4 11.Qxd4 O-O 12.Bg5 Bxg5 13.Qxd5 Bxd5 14.Nxg5 Bxg2
15.Kxg2 Nd7 16.Rac1 Rac8 17.Red1 Nf6 18.e3 g6 19.Kf1 Kg7 20.Ke2 Rfd8 21.Nf3  1/2-1/2

[Event "Halle 10th (Women)"]
[Site "Halle"]
[Date "1976.??.??"]
[Round "8"]
[White "Borisova, Borislava"]
[Black "Porubszky Angyalosine, Maria A"]
[Result "1-0"]
[WhiteElo "2070"]
[BlackElo "2155"]

1.Nf3 c5 2.c4 Nf6 3.Nc3 e6 4.g3 d5 5.cxd5 exd5 6.d4 Nc6 7.Bg2 c4 8.O-O Bb4
9.Bg5 O-O 10.Ne5 h6 11.Nxd5 Nxd4 12.Bxf6 gxf6 13.Nxc4 Nc6 14.Qc1 Nd4 15.Qxh6 Nxe2+
16.Kh1 Be7 17.Qe3  1-0

[Event "Montilla"]
[Site "Montilla"]
[Date "1976.??.??"]
[Round "4"]
[White "Pfleger, Helmut"]
[Black "Fraguela Gil, Jose Miguel"]
[Result "1-0"]
[WhiteElo "2545"]
[BlackElo "2380"]

1.c4 c5 2.Nf3 Nf6 3.Nc3 b6 4.g3 Bb7 5.Bg2 e6 6.O-O Be7 7.d3 O-O 8.e4 d6 9.Ne1 Nc6
10.Nc2 Nd7 11.Ne3 Rb8 12.f4 a6 13.a4 Nd4 14.h4 Bc6 15.Bd2 b5 16.axb5 axb5
17.cxb5 Nxb5 18.Nxb5 Bxb5 19.Ba5 Qc8 20.Bc3 Re8 21.Bh3 Ra8 22.Rxa8 Qxa8 23.f5 Bf6
24.fxe6 fxe6 25.Qb3 Bxc3 26.bxc3 Bxd3 27.Bxe6+ Kh8 28.Bxd7 Qxe4 29.Re1 Qf3
30.Bxe8 Be4 31.Qf7  1-0

[Event "Montilla"]
[Site "Montilla"]
[Date "1976.??.??"]
[Round "6"]
[White "Byrne, Robert E"]
[Black "Fraguela Gil, Jose Miguel"]
[Result "1/2-1/2"]
[WhiteElo "2540"]
[BlackElo "2380"]

1.c4 c5 2.Nf3 Nf6 3.Nc3 e6 4.g3 b6 5.Bg2 Bb7 6.O-O Be7 7.d4 cxd4 8.Qxd4 d6
9.b3 a6 10.Bb2 O-O 11.h3 Qc7 12.e4 Nbd7 13.Rae1 Qc5 14.a3 Qxd4 15.Nxd4 Rfc8
16.Re3 Rc7 17.Rd1 Rac8 18.f4 Nc5 19.b4 Ncd7 20.Bf1 Nf8 21.Be2 N6d7 22.Kf2 Nf6
23.Nf3 N6d7 24.e5 dxe5 25.fxe5 Ng6 26.Ne4 Ba8 27.h4 h6 28.h5 Ngf8 29.Nd6 Rb8
30.Nd2 Nh7 31.N2e4 Ng5 32.Nxg5 Bxg5 33.Red3 Nf8 34.Bd4 Nd7 35.Bg4 Bc6 36.Ke2 Nf8
37.Rc3 Ba8 38.Rf1 Bd8 39.Bf3 Rd7 40.c5 bxc5 41.Bxc5 Nh7 42.Bxa8 Rxa8 43.Be3 f6
44.Rc6 fxe5 45.Nc4 Nf6 46.Nxe5 Rd5 47.Rxe6 Bc7 48.Rf5 a5 49.Bf4 axb4 50.axb4 Rb8
51.Kf3 Rxb4 52.Rfxf6 gxf6 53.Re8+ Kg7 54.Re7+ Kg8  1/2-1/2

[Event "Montilla"]
[Site "Montilla"]
[Date "1976.??.??"]
[Round "8"]
[White "Stean, Michael"]
[Black "Karpov, Anatoly"]
[Result "1/2-1/2"]
[WhiteElo "2420"]
[BlackElo "2695"]

1.c4 Nf6 2.Nf3 c5 3.Nc3 e6 4.g3 b6 5.Bg2 Bb7 6.O-O Be7 7.b3 O-O 8.Bb2 d5
9.e3 Nbd7 10.Qe2 Ne4 11.d3 Nxc3 12.Bxc3 Bf6 13.Qb2 Qc7  1/2-1/2

[Event "Montilla"]
[Site "Montilla"]
[Date "1976.??.??"]
[Round "8"]
[White "Kavalek, Lubomir"]
[Black "Fraguela Gil, Jose Miguel"]
[Result "1-0"]
[WhiteElo "2540"]
[BlackElo "2380"]

1.c4 c5 2.Nf3 Nf6 3.Nc3 e6 4.e3 Be7 5.d4 O-O 6.d5 exd5 7.cxd5 d6 8.e4 Re8
9.Be2 Na6 10.O-O Nc7 11.a4 Bf8 12.Nd2 Bd7 13.f3 a6 14.a5 Bb5 15.Nc4 Bxc4
16.Bxc4 Nd7 17.Kh1 Ne5 18.Be2 Be7 19.Bd2 Bf6 20.Rb1 Nd7 21.b4 Be5 22.g3 Qe7
23.Na4 c4 24.Bxc4 Rac8 25.Bd3 Nb5 26.Rc1 Bd4 27.Bf4 Bf6 28.Be3 Ne5 29.Qe2 Nxd3
30.Qxd3 Qe5 31.Qd2 h5 32.Kg2 g5 33.Qd3 g4 34.fxg4 Rxc1 35.Bxc1 Bg7 36.gxh5 Qxe4+
37.Qxe4 Rxe4 38.Rf4 Re2+ 39.Rf2 Re1 40.Bb2 Bxb2 41.Rxb2 Re5 42.Nb6 Rxh5 43.Rc2 Re5
44.Nd7 Re3 45.Rc4 Kg7 46.Rg4+ Kh6 47.Rg8 f5 48.Nf8 Re5 49.h4 Rxd5 50.Rg6+ Kh5
51.Rg7 Rd1 52.Rxb7 Rb1 53.Rh7+ Kg4 54.Rg7+ Kh5 55.Rg5+ Kh6 56.Rxf5 Rxb4 57.Rf7  1-0

[Event "Novi Sad"]
[Site "Novi Sad"]
[Date "1976.??.??"]
[Round "?"]
[White "Olafsson, Fridrik"]
[Black "Ivkov, Borislav"]
[Result "0-1"]
[WhiteElo "2550"]
[BlackElo "2520"]

1.c4 e6 2.Nf3 Nf6 3.Nc3 c5 4.e3 Nc6 5.d4 d5 6.a3 a6 7.dxc5 Bxc5 8.b4 Ba7
9.Bb2 O-O 10.Qc2 Qe7 11.Bd3 dxc4 12.Bxc4 Bd7 13.O-O Rac8 14.Qe2 Bb8 15.Rac1 Ne5
16.Nxe5 Bxe5 17.f4 Bb8 18.Bb3 Ba7 19.Kh1 Bc6 20.e4 h5 21.h3 Bd4 22.Rfd1 Rcd8
23.Rd3 Bxc3 24.Rcxc3 Rxd3 25.Rxd3 Bb5 26.e5 Nd5 27.Bxd5 Bxd3 28.Qxd3 Rd8
29.Qf3 Rxd5 30.f5 Qg5 31.f6 h4 32.fxg7 Qd2 33.Qh5 Qd1+ 34.Qxd1 Rxd1+ 35.Kh2 Kxg7
36.a4 b5 37.axb5 axb5 38.Bc3 Kg6 39.Bb2 Kf5 40.Bc3 Ke4 41.Bb2 Kd3  0-1

[Event "Kringsja"]
[Site "Oslo"]
[Date "1976.??.??"]
[Round "8"]
[White "Spassov, Liuben"]
[Black "Ornstein, Axel"]
[Result "1/2-1/2"]
[WhiteElo "2490"]
[BlackElo "2470"]

1.Nf3 c5 2.c4 Nf6 3.Nc3 b6 4.g3 Bb7 5.Bg2 e6 6.O-O Be7 7.b3 d6 8.Bb2 O-O
9.e3 Nbd7 10.d4 cxd4 11.exd4 d5 12.Ne5 Rc8 13.Rc1 Bb4 14.Nb5 a6 15.Na7 Rc7
16.cxd5 Nxe5 17.Rxc7 Qxc7 18.d6 Bxd6 19.dxe5 Bxg2 20.Kxg2 Bxe5 21.Bxe5 Qxe5
22.Qf3 Qd5 23.Rc1 Qxf3+ 24.Kxf3 Nd5 25.Nc8 Rd8 26.Rc6 b5 27.a3 b4 28.a4 g6
29.Nd6 Ra8 30.Nc4 Kf8 31.a5 Ke7 32.Nb6 Rd8 33.Nc4 Ra8 34.Nb6 Rd8 35.Nc4 Ra8  1/2-1/2

[Event "URS-ch otbor"]
[Site "Rostov"]
[Date "1976.??.??"]
[Round "?"]
[White "Gofshtein, Leonid D"]
[Black "Giorgadze, Tamaz"]
[Result "0-1"]
[WhiteElo "2200"]
[BlackElo "2475"]

1.Nf3 Nf6 2.c4 c5 3.Nc3 g6 4.g3 Bg7 5.Bg2 O-O 6.d4 cxd4 7.Nxd4 Nc6 8.O-O d6
9.Bxc6 bxc6 10.Nxc6 Qd7 11.Qa4 Bb7 12.Nd5 Rfe8  0-1

[Event "URS-ch otbor"]
[Site "Rostov"]
[Date "1976.??.??"]
[Round "?"]
[White "Loginov, Valery A"]
[Black "Kapengut, Albert Z"]
[Result "1-0"]
[WhiteElo "2200"]
[BlackElo "2460"]

1.Nf3 Nf6 2.c4 c5 3.Nc3 d5 4.cxd5 Nxd5 5.d4 Nxc3 6.bxc3 g6 7.e3 Bg7 8.Be2 O-O
9.O-O Qc7 10.Ba3 Nd7 11.Rc1 b6 12.e4 Bb7 13.e5 Rad8 14.Nd2 Bh6 15.Rc2 f6
16.exf6 Nxf6 17.Bf3 e5 18.Bxb7 Qxb7 19.dxc5 Qa6 20.Bb4 Ne4 21.cxb6 Rxf2 22.Rxf2 Be3
23.Qf3 Bxf2+ 24.Kh1 Nxd2 25.Qxf2 Ne4 26.Qe1 axb6 27.Re2 Qa4 28.Qf1 Rd1 29.Re1 Rxe1
30.Qxe1 Qxa2 31.h3 Qc2 32.Qe3 b5 33.Kh2 Nf6 34.Qxe5 Qf5 35.Qb8+ Kf7 36.Qf8+ Ke6
37.Qd6+ Kf7 38.Qe7+  1-0

[Event "URS-ch otbor"]
[Site "Rostov"]
[Date "1976.??.??"]
[Round "?"]
[White "Loginov, Valery A"]
[Black "Chernov, J."]
[Result "1-0"]
[WhiteElo "2200"]
[BlackElo "2200"]

1.Nf3 Nf6 2.c4 c5 3.Nc3 d5 4.cxd5 Nxd5 5.e4 Nb4 6.Bb5+ N8c6 7.O-O a6 8.Bc4 e6
9.a3 Nd3 10.Qe2 Nde5 11.Nxe5 Nxe5 12.d3 Be7 13.f4 Nc6 14.Be3 O-O 15.Qf2 b5
16.Ba2 b4 17.Na4 bxa3 18.Nxc5 axb2 19.Qxb2 Bf6 20.e5 Be7 21.Qc3 Na7 22.Bc4 Qb6
23.Qa5 Qxa5 24.Rxa5 Nc6 25.Ra4 a5 26.Rb1 Rd8 27.Rb5 g5 28.g3 gxf4 29.gxf4 Bxc5
30.Rxc5 Bd7 31.Ra3 a4 32.f5 exf5 33.d4 Be8 34.Bd5 Ra6 35.e6 Rxd5 36.Rxd5 fxe6
37.Rc5 Nb4 38.Rc8 Kf7 39.Rc7+ Kf6 40.Bf4 Nc6 41.Bh6 f4 42.Rc8 Bf7 43.Bxf4 Nxd4
44.Re3 Ra5 45.Bc7 Rg5+ 46.Kf2 Rf5+ 47.Kg2 e5 48.Bd8+ Ke6 49.Bb6 Kd5 50.Rec3 Ke4
51.Ra8 Bb3 52.Ra5 Rg5+ 53.Kf2 Rh5 54.Re3+ Kf4 55.h3 Nc2 56.Rexe5 Rxh3 57.Bc7 Rf3+
58.Kg2 Rg3+ 59.Kf2 Rg6 60.Re3+  1-0

[Event "Vitrobud op"]
[Site "Sandomierz"]
[Date "1976.??.??"]
[Round "4"]
[White "Szilagyi, Gyorgy"]
[Black "Bronstein, David I"]
[Result "1/2-1/2"]
[WhiteElo "2380"]
[BlackElo "2540"]

1.c4 Nf6 2.Nc3 c5 3.Nf3 d5 4.cxd5 Nxd5 5.g3 Nc6 6.Bg2 Nc7 7.d3 e5 8.Nd2 Bd7
9.a4 Be7 10.Nc4 O-O 11.O-O Kh8 12.Bxc6 Bxc6 13.Nxe5 Be8 14.Be3 Nd5 15.Nxd5 Qxd5
16.Nc4 Bc6 17.f3 b6 18.Bf2 f5 19.e4 fxe4 20.fxe4 Qe6 21.Qe2 Rad8 22.Be1 Rxf1+
23.Qxf1 Kg8 24.Bc3 a6 25.Qf5 Qxf5 26.exf5 b5 27.axb5 axb5 28.Ra7 Rd7 29.Rxd7 Bxd7
30.Ne3 Bg5 31.Kf2  1/2-1/2

[Event "Vitrobud op"]
[Site "Sandomierz"]
[Date "1976.??.??"]
[Round "4"]
[White "Manasterski, Lutoslaw"]
[Black "Smejkal, Jan"]
[Result "0-1"]
[WhiteElo "2340"]
[BlackElo "2615"]

1.Nf3 Nf6 2.c4 c5 3.Nc3 e6 4.g3 b6 5.Bg2 Bb7 6.O-O Be7 7.b3 O-O 8.Bb2 d6
9.d4 cxd4 10.Qxd4 a6 11.Rfd1 Nbd7 12.Ne1 Bxg2 13.Nxg2 Qb8 14.Rac1 Rd8 15.Ne3 Qb7
16.Ng4 b5 17.cxb5 axb5 18.Nxf6+ Nxf6 19.a3 d5 20.b4 Rdc8 21.Nb1 Ne8 22.e4 dxe4
23.Qd7 Qxd7 24.Rxd7 Bf6 25.Rxc8 Rxc8 26.Bxf6 Nxf6 27.Rb7 Rc1+ 28.Kg2 h5 29.Nd2 Rc2  0-1

[Event "Vitrobud op"]
[Site "Sandomierz"]
[Date "1976.??.??"]
[Round "6"]
[White "Smejkal, Jan"]
[Black "Adamski, Jan"]
[Result "1/2-1/2"]
[WhiteElo "2615"]
[BlackElo "2415"]

1.Nf3 Nf6 2.c4 e6 3.Nc3 c5 4.g3 b6 5.Bg2 Bb7 6.O-O Be7 7.d4 cxd4 8.Qxd4 d6
9.b3 O-O 10.Bb2 a6 11.Rfd1 Nbd7 12.e4 Qc7 13.Qe3 Rfe8 14.Nd4 Bf8 15.Rac1 Rac8
16.h3 Qb8 17.Re1 Nc5 18.Rcd1 d5 19.e5 Nfe4 20.cxd5 exd5 21.b4 Nd7 22.Nxe4 dxe4
23.e6 fxe6 24.Nxe6 Rxe6 25.Rxd7 Bc6 26.Rd2 Rce8 27.a3 Qb7 28.Red1 Ba4 29.Rc1 Rc6
30.Re1 Rce6 31.Bf1 Bb5 32.Bxb5 axb5 33.Red1 Qc6 34.Rd5 h6 35.h4 Qc2 36.R1d2 Qc6
37.Kh2 Qc4 38.Rd7 Qc6 39.Qd4 R6e7 40.Rd6 Qc4 41.Qxc4+ bxc4 42.Rxb6 e3 43.fxe3 Rxe3
44.Bd4 Rd3 45.Rxd3 cxd3 46.Bc3 d2 47.Bxd2 Re2+ 48.Kh3 Rxd2 49.h5 Rd5 50.g4 Bd6
51.a4 Rd3+ 52.Kg2 Rd4  1/2-1/2

[Event "Stary Smokovec"]
[Site "Stary Smokovec"]
[Date "1976.??.??"]
[Round "8"]
[White "Banas, Jan"]
[Black "Novak, Ivan"]
[Result "1/2-1/2"]
[WhiteElo "2350"]
[BlackElo "2345"]

1.c4 Nf6 2.Nc3 c5 3.Nf3 e6 4.g3 b6 5.Bg2 Bb7 6.O-O Be7 7.d4 cxd4 8.Qxd4 d6
9.b3 a6 10.Ba3 Nc6 11.Qd2 O-O 12.Bb2 Rc8 13.Rac1 Nb8 14.Rfd1 Nbd7 15.Nd4 Bxg2
16.Kxg2 Qc7 17.e4  1/2-1/2

[Event "SWE-ch"]
[Site "SWE"]
[Date "1976.??.??"]
[Round "?"]
[White "Helmertz, Per Inge"]
[Black "Fredriksson, Leif"]
[Result "1-0"]
[WhiteElo "2280"]
[BlackElo "2300"]

1.c4 Nf6 2.Nc3 e6 3.Nf3 c5 4.g3 d5 5.cxd5 Nxd5 6.Bg2 Nc6 7.O-O Nxc3 8.bxc3 Be7
9.Rb1 O-O 10.d4 Na5 11.Qd3 f6 12.Bf4 Bd7 13.Nd2 g5 14.Be3 Qc7 15.Nc4 b5 16.Nxa5 Qxa5
17.Bxa8 Rxa8 18.Qe4 Rc8 19.dxc5 Qc7 20.c6 Qxc6 21.Qxc6 Bxc6 22.Bxa7 Ra8 23.Be3 Rxa2
24.Rfe1 e5 25.Kf1 f5 26.Ra1 Rb2 27.Ra7 Kf8 28.Rc7 f4 29.Bxf4 gxf4 30.Rxc6 Rc2
31.Rb6 fxg3 32.hxg3 e4 33.e3 Rxc3 34.Rxb5 Rc2 35.Ra1  1-0

[Event "SWE-ch"]
[Site "SWE"]
[Date "1976.??.??"]
[Round "?"]
[White "Kaiszauri, Konstanty"]
[Black "Fredriksson, Leif"]
[Result "1-0"]
[WhiteElo "2360"]
[BlackElo "2300"]

1.c4 Nf6 2.Nc3 e6 3.Nf3 c5 4.g3 b6 5.Bg2 Bb7 6.O-O Be7 7.d4 cxd4 8.Qxd4 O-O
9.Rd1 Nc6 10.Qf4 d6 11.e4 Qb8 12.b3 a6 13.Bb2 Rd8 14.Qe3 Qa7 15.Qe2 Rac8
16.Ne1 Ne5 17.Nd3 Ned7 18.Rd2 Qa8 19.Re1 Bf8 20.Nf4 Nc5 21.Nh5 Nxh5 22.Qxh5 Nd7
23.Qe2 h6 24.h3 Nc5 25.Kh2 Rc7 26.f4 Rcc8 27.Qg4 Re8 28.Ree2 b5 29.cxb5 axb5
30.Nxb5 Nxe4 31.Rxe4 Bxe4 32.Nxd6 Bxg2 33.Rxg2 h5 34.Qg5 Qxg2+ 35.Kxg2 Rc2+
36.Kf3 Ra8 37.Nc4 Rxa2 38.Bd4 Rc1 39.Qxh5 Rf1+ 40.Ke4 Re1+ 41.Kd3  1-0

[Event "Tbilisi Interzonal (Women)"]
[Site "Tbilisi"]
[Date "1976.??.??"]
[Round "9"]
[White "Kozlovskaya, Valentina"]
[Black "Baumstark, Gertrude"]
[Result "1-0"]
[WhiteElo "2295"]
[BlackElo "2210"]

1.Nf3 c5 2.c4 Nf6 3.Nc3 d5 4.cxd5 Nxd5 5.g3 Nc6 6.Bg2 Nc7 7.O-O e5 8.d3 Be7
9.Be3 Bd7 10.Rc1 Rc8 11.a3 O-O 12.Nd2 b6 13.Nc4 Kh8 14.Bxc6 Bxc6 15.Nxe5 Be8
16.Nf3 Nd5 17.Nxd5 Qxd5 18.b4 Bd7 19.bxc5 bxc5 20.Qc2 Bg4 21.Qa4 Bxf3 22.exf3 Rc7
23.Qe4 Rd8 24.Rfd1 h6 25.Rc4 Rcd7 26.Qxd5 Rxd5 27.Ra4 Rxd3 28.Rxd3 Rxd3 29.Rxa7 Bd6
30.a4 c4 31.Ra8+ Kh7 32.Rc8 c3 33.Kg2 Bb4 34.Rc4 Ba5 35.Rd4 Rxd4 36.Bxd4 c2
37.Be3 Bb6 38.Bc1 Kg6 39.Kf1 Kf5 40.Ke2 Ke5 41.Kd3 Kd5 42.Kxc2 Bxf2 43.Kd3 h5
44.a5 h4 45.gxh4 Bxh4 46.Be3 f5 47.a6 Kc6 48.a7 Kb7 49.f4  1-0

[Event "Hoogovens-B"]
[Site "Wijk aan Zee"]
[Date "1976.??.??"]
[Round "8"]
[White "Christiansen, Larry Mark"]
[Black "Boersma, Paulus A"]
[Result "1-0"]
[WhiteElo "2400"]
[BlackElo "2345"]

1.Nf3 c5 2.c4 Nf6 3.Nc3 e6 4.g3 Be7 5.Bg2 O-O 6.O-O a6 7.b3 Nc6 8.d4 cxd4
9.Nxd4 Qc7 10.Bb2 d6 11.Rc1 Nxd4 12.Qxd4 Bd7 13.Rfd1 Rfd8 14.Qf4 Rac8 15.h3 Qb8
16.Ne4 Nxe4 17.Bxe4 Be8 18.Qg4 Bf8 19.Bf6 Rd7 20.Rd4 g6 21.Rcd1 b5 22.Bd3 Ra7
23.Qf3 bxc4 24.Rxc4 Rxc4 25.Bxc4 d5 26.Bd4 Be7 27.Bxa7 Qxa7 28.Bd3 a5 29.Rc1 Qb8
30.e4 d4 31.e5 Bb4 32.Ba6 Bc3 33.Rxc3 dxc3 34.Qxc3 Qb6 35.Qc8 Kg7 36.Qxe8 Qxa6
37.Qa4 Qb6 38.Qc4 Qd8 39.Qc5 Qd2 40.a3 h5 41.h4 g5 42.hxg5 h4 43.gxh4 Qf4
44.Qc4 Qxe5 45.Kg2 Qb2 46.h5 Qxa3 47.Qd4+ Kh7 48.Qf6  1-0

[Event "Yerevan"]
[Site "Yerevan"]
[Date "1976.??.??"]
[Round "?"]
[White "Vaganian, Rafael A"]
[Black "Ornstein, Axel"]
[Result "1/2-1/2"]
[WhiteElo "2550"]
[BlackElo "2470"]

1.c4 c5 2.Nf3 Nf6 3.Nc3 b6 4.e3 Bb7 5.d4 cxd4 6.exd4 e6 7.a3 d5 8.cxd5 Nxd5
9.Ne5 a6 10.Qh5 g6 11.Qf3 Qe7 12.Bg5 Nxc3 13.Bxe7 Bxf3 14.Bf6 Rg8 15.bxc3 Bb7
16.Rb1 Bxa3 17.Rxb6 Ra7 18.Kd2 Be7 19.Bxe7 Kxe7 20.Bd3 Nd7 21.Nxd7 Kxd7 22.f3 Rc8
23.Rhb1 Rc7 24.Be4 Bc8 25.Ra1 a5 26.Bd3 Ke7 27.Bb5 Bd7 28.Kd3 g5 29.c4 a4
30.Ra3 Ra5 31.Bxd7 Kxd7 32.Rb5 Rxb5 33.cxb5 Ra7 34.Kc4 Rc7+ 35.Kd3 Rb7 36.Kc4 Rc7+
37.Kb4 Rc2 38.Ka5 Kc7 39.Ka6 Kb8 40.b6 Rxg2 41.d5 Rd2 42.dxe6 fxe6 43.h4 gxh4
44.Rxa4 h3 45.Rh4 h2 46.Rxh7 Ra2+ 47.Kb5 e5 48.Kc6 Rc2+ 49.Kd5 Rf2 50.Ke4 Re2+
51.Kf5 Rf2  1/2-1/2

[Event "SCO-ch"]
[Site "Glasgow"]
[Date "1977.07.21"]
[Round "5"]
[White "McKay, Roderick M"]
[Black "Pritchett, Craig William"]
[Result "1/2-1/2"]
[WhiteElo "2330"]
[BlackElo "2425"]

1.Nf3 c5 2.c4 Nf6 3.Nc3 e6 4.g3 b6 5.Bg2 Bb7 6.O-O Be7 7.d3 O-O 8.e4 Nc6
9.Ne1 Rb8 10.f4 Nd4 11.Be3 a6 12.Kh1 b5 13.a3 Ba8 14.Rb1 d6 15.g4 Nd7 16.g5 e5
17.cxb5 exf4 18.Bxf4 axb5 19.Nf3 Nxf3 20.Qxf3 Ne5 21.Qg3 Ng6 22.Bd2 b4 23.axb4 cxb4
24.Nd5 Bxd5 25.exd5 Qb6 26.Be3 Qb5 27.Bd4 Bd8 28.Qxd6 Bxg5 29.Be4 Rbd8 30.Qc5 Qxc5
31.Bxc5 Be7 32.d4 Bd6 33.Rbe1  1/2-1/2

[Event "Bad Lauterberg"]
[Site "Bad Lauterberg"]
[Date "1977.??.??"]
[Round "1"]
[White "Huebner, Robert"]
[Black "Csom, Istvan"]
[Result "1/2-1/2"]
[WhiteElo "2600"]
[BlackElo "2535"]

1.c4 Nf6 2.Nc3 e6 3.Nf3 c5 4.g3 b6 5.Bg2 Bb7 6.O-O d6 7.d4 cxd4 8.Nxd4 Bxg2
9.Kxg2 a6 10.e4 Qc7 11.Be3 Nbd7 12.Rc1 Qb7 13.f3 Be7 14.Qe2 O-O 15.Bf2 Rfe8
16.Rc2 Bf8 17.g4 Rac8 18.Bg3 Rc5 19.Rfc1 g6 20.h4 Rec8 21.Nd1 h5 22.g5 Ne8
23.b4 R5c7 24.Ne3 Ne5 25.Nb3 Bg7 26.c5 bxc5 27.bxc5 Qb5 28.Qxb5  1/2-1/2

[Event "URS-FL"]
[Site "Baku"]
[Date "1977.??.??"]
[Round "2"]
[White "Vaganian, Rafael A"]
[Black "Savon, Vladimir A"]
[Result "1/2-1/2"]
[WhiteElo "2545"]
[BlackElo "2540"]

1.Nf3 Nf6 2.c4 c5 3.Nc3 b6 4.e4 Nc6 5.d4 cxd4 6.Nxd4 Bb7 7.Be2 e6 8.Bf4 Nxd4
9.Qxd4 Bc5 10.Qd3 d6 11.Bf3 Nd7 12.Qd2 Ne5 13.Be2 O-O 14.O-O f5 15.exf5 Rxf5
16.a3 Qf6 17.Bg3  1/2-1/2

[Event "Bar"]
[Site "Bar"]
[Date "1977.??.??"]
[Round "?"]
[White "Quinteros, Miguel A"]
[Black "Tringov, Georgi P"]
[Result "1-0"]
[WhiteElo "2555"]
[BlackElo "2495"]

1.c4 Nf6 2.Nc3 c5 3.Nf3 e6 4.g3 Nc6 5.Bg2 d5 6.cxd5 Nxd5 7.O-O Be7 8.d4 O-O
9.e4 Nxc3 10.bxc3 cxd4 11.cxd4 b6 12.Be3 Bb7 13.Rc1 Na5 14.Qd3 Rc8 15.Rxc8 Qxc8
16.Rc1 Qa8 17.d5 exd5 18.exd5 Bxd5 19.Ng5 Bxg5 20.Bxd5 Qd8 21.Bxg5 Qxg5 22.Rc7 h5
23.Qf3 Qg6 24.Rxa7 h4 25.Kg2 hxg3 26.hxg3 Qf6 27.g4 Qxf3+ 28.Kxf3 Rd8 29.Bxf7+ Kf8
30.Rc7 Rd6 31.g5 Nc6 32.Ke4 g6 33.Bb3 Ne7 34.f4 Rd2 35.Rb7 Rd6 36.Ke5 Rc6
37.Be6 Nf5 38.Rf7+ Ke8 39.Bd7+  1-0

[Event "Bar"]
[Site "Bar"]
[Date "1977.??.??"]
[Round "?"]
[White "Zivkovic, Ljubomir"]
[Black "Stean, Michael"]
[Result "0-1"]
[WhiteElo "2105"]
[BlackElo "2485"]

1.c4 c5 2.Nf3 Nf6 3.Nc3 e6 4.g3 b6 5.Bg2 Bb7 6.d4 cxd4 7.Qxd4 Be7 8.O-O d6
9.Rd1 O-O 10.b3 Nbd7 11.Bb2 a6 12.e4 Qc7 13.Rac1 Rac8 14.Qe3 Qb8 15.h3 Rfe8
16.Qe2 Bf8 17.Re1 Nc5 18.Nd4 Qa8 19.Kh2 g6 20.Rcd1 Bg7 21.f3 Qb8 22.Nc2 Nh5
23.f4 b5 24.cxb5 axb5 25.Qxb5 Bxc3 26.Bxc3 Nxe4 27.Bxe4 Rxc3 28.Qxb7 Rxc2+
29.Kg1 Rxa2 30.Re3 d5 31.Qxb8 Rxb8 32.Bg2 Rb2 33.Rdd3 Ra8 34.Rf3 Ra1+ 35.Bf1 Rab1
36.g4 Nf6 37.Rc3 Ne4 38.Rcd3 Nc5  0-1

[Event "Birmingham"]
[Site "Birmingham"]
[Date "1977.??.??"]
[Round "4"]
[White "Cafferty, Bernard"]
[Black "Botterill, George Steven"]
[Result "1/2-1/2"]
[WhiteElo "2290"]
[BlackElo "2350"]

1.c4 Nf6 2.Nc3 c5 3.Nf3 d5 4.cxd5 Nxd5 5.e3 Nc6 6.d4 e6 7.Bc4 cxd4 8.exd4 Be7
9.O-O O-O 10.Re1 b6 11.Nxd5 exd5 12.Bb5 Bb7 13.Qa4 Na5 14.Bd2 Nc4 15.Bxc4 dxc4
16.Qxc4 Bxf3 17.gxf3 Bd6 18.Re4 Qd7 19.Kg2 Qf5 20.Qc6 Rad8 21.Rae1 Qg6+ 22.Rg4 Qh5
23.h3 f5 24.Rg5 Qf7 25.Kf1 Be7 26.Rg1 Bf6 27.Bb4 Rc8 28.Qe6 Rfd8 29.Bc3 Qxe6
30.Rxe6 Kf7 31.Re2 Bxd4 32.Bxd4 Rc1+ 33.Kg2 Rxg1+ 34.Kxg1 Rxd4 35.Kf1 Kf6
36.Rc2 Ke6 37.Rc7 Rd7 38.Rc2 Ke5 39.Kg2 Kf4 40.Rc4+ Kg5 41.Kg3 g6 42.Rb4 Rd2
43.a4 h6 44.Rb5 Rd4 45.a5 bxa5 46.Rxa5 Rb4 47.Rxa7 Rxb2  1/2-1/2

[Event "HUN-ch"]
[Site "Budapest"]
[Date "1977.??.??"]
[Round "?"]
[White "Tompa, Janos"]
[Black "Farago, Ivan"]
[Result "0-1"]
[WhiteElo "2410"]
[BlackElo "2500"]

1.c4 Nf6 2.Nc3 c5 3.Nf3 d5 4.cxd5 Nxd5 5.g3 Nc6 6.d4 e6 7.Bg2 Be7 8.O-O O-O
9.Nxd5 exd5 10.dxc5 Bxc5 11.a3 Bf5 12.b4 Bb6 13.Ra2 Be4 14.Rd2 Qe7 15.Bb2 Rad8
16.Qa1 f6 17.e3 Qf7 18.Qd1 Rfe8 19.Re1 Re7 20.Nh4 Bxg2 21.Kxg2 Ne5 22.Nf5 Ree8
23.Bxe5 fxe5 24.e4 dxe4 25.Nd6 Qf3+ 26.Qxf3 exf3+ 27.Kxf3 Rd7 28.Red1 Rf8+
29.Ke4 Bxf2 30.Nf5 Bd4 31.Nxd4 exd4 32.Rxd4 Re7+ 33.Kd5 Re2 34.h4 Re3 35.R1d3 Rff3
36.Rxe3 Rxe3 37.Rc4 Rxg3 38.Rc7 Rxa3 39.Rxb7 h5 40.Ke6 Kh7 41.Kf5 Kh6 42.Rb8 Rf3+
43.Ke4 Rc3 44.Kf5 g6+ 45.Kf6 Rc6+ 46.Kf7 Kh7 47.Ra8 Rb6 48.Rxa7 Rxb4  0-1

[Event "HUN-ch"]
[Site "Budapest"]
[Date "1977.??.??"]
[Round "?"]
[White "Lengyel, Levente"]
[Black "Sapi, Laszlo"]
[Result "1-0"]
[WhiteElo "2415"]
[BlackElo "2420"]

1.c4 c5 2.Nf3 Nf6 3.Nc3 d5 4.cxd5 Nxd5 5.g3 e6 6.Bg2 Be7 7.O-O O-O 8.d4 cxd4
9.Nxd5 Qxd5 10.Nxd4 Qd7 11.Be3 Rd8 12.Qb3 Na6 13.Rfd1 Qe8 14.Nb5 Bd7 15.Nd6 Bxd6
16.Rxd6 Bc6 17.Bxc6 bxc6 18.Rxd8 Qxd8 19.Qb7 Qc8 20.Qxc8+ Rxc8 21.Rd1 Nb4
22.a3 Nd5 23.Bxa7 f5 24.Bd4 c5 25.Rc1 c4 26.f3 Kf7 27.b3 c3 28.e4 fxe4 29.fxe4 Nf6
30.Rxc3 Rxc3 31.Bxc3 Nxe4 32.Ba1 g6 33.b4 Ke7 34.Kg2 Kd6 35.Kf3 Kd5 36.Kf4 Nf2
37.Kf3 Ne4 38.a4 Nd6 39.b5 e5 40.b6 e4+ 41.Kf4  1-0

[Event "Tungsram"]
[Site "Budapest"]
[Date "1977.??.??"]
[Round "?"]
[White "Filip, Miroslav"]
[Black "Pinter, Jozsef"]
[Result "0-1"]
[WhiteElo "2500"]
[BlackElo "2445"]

1.c4 Nf6 2.Nc3 c5 3.Nf3 d5 4.cxd5 Nxd5 5.e3 e6 6.d4 Nc6 7.Bd3 Be7 8.O-O O-O
9.a3 cxd4 10.exd4 Bf6 11.Be4 Qd6 12.Qd3 h6 13.Rd1 b6 14.Qe2 Bb7 15.Bc2 Nxc3
16.bxc3 Ne7 17.a4 Rfd8 18.Qd3 Ng6 19.Qe3 Rac8 20.a5 Bd5 21.axb6 axb6 22.Bxg6 fxg6
23.Bd2 Ra8 24.Rxa8 Rxa8 25.Ne5 Bxe5 26.Qxe5 Qc6 27.Qg3 g5 28.h3 Ra2 29.Be3 Kh7
30.Rc1 b5 31.Kh2 Ra3 32.f4 gxf4 33.Bxf4 b4 34.Be5 Qb7 35.Rb1 b3 36.c4 Bxc4
37.Rc1 Ra4 38.d5 exd5 39.Qf2 Kg8 40.Ra1 Rxa1 41.Bxa1 Bd3 42.Bb2 Be4 43.Be5 Qe7
44.Qg3 Kh7 45.Bd4 Bc2 46.Bb2 Qf7 47.h4 Be4 48.Bd4 Qe7 49.Bb2 Bg6 50.Qf2 Qb7
51.Kg1 Qc7 52.Qd4 Be4 53.Qe5 Qf7 54.Kh2 Qg6 55.Qg3 Bc2 56.Qxg6+ Kxg6 57.g4 Kf7
58.g5 hxg5 59.hxg5 Kg6 60.Kg3 Kf5 61.Bxg7 Ke4 62.Bb2 Ke3 63.Bc1+ Ke2 64.Bb2 Bh7
65.Kf4 Kd3 66.Ke5 Kc2 67.Bd4 Bg8 68.Kf6 b2 69.Bxb2 Kxb2 70.Kg7 d4  0-1

[Event "Tungsram"]
[Site "Budapest"]
[Date "1977.??.??"]
[Round "?"]
[White "Ornstein, Axel"]
[Black "Gipslis, Aivars"]
[Result "1/2-1/2"]
[WhiteElo "2440"]
[BlackElo "2535"]

1.Nf3 Nf6 2.c4 c5 3.Nc3 e6 4.e3 Nc6 5.d4 d5 6.cxd5 exd5 7.Be2 cxd4 8.Nxd4 Bd6
9.O-O O-O 10.b3 a6 11.Bb2 Bb8 12.Nxc6 bxc6 13.Qd4 Re8 14.Qh4 Be5 15.Rfd1 Rb8
16.Na4 Bxb2 17.Nxb2 c5 18.Nd3 Qb6 19.Bf3 Be6 20.Rac1 Rbc8 21.Qa4 d4 22.exd4 cxd4
23.Rxc8 Rxc8 24.Qb4 Qa7 25.Ne5 Nd5 26.Qd6 Qc5 27.Qxc5 Rxc5 28.Kf1 Nc3 29.Rxd4 g6
30.Nc6 Nxa2 31.b4 Rc2 32.g4 g5 33.Kg2 Kg7 34.Nb8 Rc4 35.Rd6 Bxg4 36.Nxa6 Nxb4
37.Nxb4 Rxb4 38.Bxg4 Rxg4+ 39.Kf3 Rg1 40.h4 gxh4 41.Rd4 h3 42.Rh4 Rh1 43.Kg3 f5
44.Ra4 Kg6 45.Ra6+ Kh5 46.Ra5 Rg1+ 47.Kxh3 Kg5 48.Ra7 Kf4 49.Kh2 Rg5 50.Rxh7 Kf3
51.Ra7 f4 52.Ra3+ Kxf2 53.Ra2+ Kf3 54.Ra3+ Kg4 55.Kg2 Rb5 56.Kf2 Rb2+ 57.Kf1 f3
58.Ra8  1/2-1/2

[Event "HUN-ch"]
[Site "Budapest"]
[Date "1977.??.??"]
[Round "?"]
[White "Vadasz, Laszlo"]
[Black "Eperjesi, Laszlo"]
[Result "1-0"]
[WhiteElo "2495"]
[BlackElo "2400"]

1.c4 Nf6 2.Nc3 c5 3.Nf3 e6 4.d4 cxd4 5.Nxd4 a6 6.g3 Qc7 7.Bg5 Bb4 8.Bxf6 Bxc3+
9.bxc3 gxf6 10.Bg2 Qxc4 11.O-O Nc6 12.Qd2 d5 13.Rab1 f5 14.Rfc1 h6 15.Nxc6 bxc6
16.Rb4 Qc5 17.Rh4 Rb8 18.Qf4 Rb2 19.Qe5 Rh7 20.c4 Qa3 21.Qc7 Bd7 22.cxd5 cxd5
23.Rd4 Rb7 24.Qxb7 Qxc1+ 25.Bf1 Bb5 26.Rb4 Qc3 27.a3 Kf8 28.Rb1 Qxa3 29.Qa8+ Be8
30.Rb8 Qe7 31.e3 Rh8 32.Bxa6 Kg7 33.Bb5 Qb4 34.Qa1+ d4 35.Rxe8 Qxb5 36.Qxd4+ f6
37.Qa7+ Kg6 38.Rxe6 Qb1+ 39.Kg2 Qb7+ 40.Qxb7  1-0

[Event "HUN-ch"]
[Site "Budapest"]
[Date "1977.??.??"]
[Round "?"]
[White "Vadasz, Laszlo"]
[Black "Lukacs, Peter"]
[Result "0-1"]
[WhiteElo "2495"]
[BlackElo "2450"]

1.c4 Nf6 2.Nf3 c5 3.Nc3 d5 4.cxd5 Nxd5 5.e4 Nb4 6.Bc4 Be6 7.Bxe6 Nd3+ 8.Kf1 fxe6
9.Ng5 Qd7 10.Qf3 Ne5 11.Qh3 Qd3+ 12.Qxd3 Nxd3 13.Ke2 Nf4+ 14.Kf3 e5 15.Nd5 Nc6
16.Nc7+ Kd7 17.Nxa8 Nd4+ 18.Kg4 h5+ 19.Kh4 e6 20.d3 Be7 21.Rf1 Rh6 22.Bxf4 exf4
23.b4 Rg6 24.bxc5 Rxg5 25.Kh3 Rg4 26.g3 f3 27.c6+ bxc6 28.Rab1 Kc8 29.e5 g5
30.Rfe1 Rf4  0-1

[Event "HUN-ch"]
[Site "Budapest"]
[Date "1977.??.??"]
[Round "?"]
[White "Schneider, Attila"]
[Black "Lengyel, Levente"]
[Result "1/2-1/2"]
[WhiteElo "2390"]
[BlackElo "2415"]

1.Nf3 Nf6 2.c4 c5 3.Nc3 d5 4.cxd5 Nxd5 5.g3 Nc6 6.Nxd5 Qxd5 7.Bg2 e5 8.d3 Be7
9.O-O Qd6 10.Be3 O-O 11.Nd2 Nd4 12.Nc4 Qe6 13.a4 f6 14.Bxd4 exd4 15.e4 dxe3
16.Nxe3  1/2-1/2